Úvod do analýzy údajov pomocou R
Uložené v:
| Hlavný autor: | |
|---|---|
| Ďalší autori: | , , |
| Médium: | Kniha |
| Jazyk: | Slovak |
| Vydavateľské údaje: |
Bratislava :
Spektrum STU,
2022
|
| Vydanie: | 1.vyd. |
| Edícia: | Edícia vysokoškolských učebníc
|
| Predmet: | |
| On-line prístup: | https://www.svf.stuba.sk/buxus/docs/dokumenty/skripta/2022/Bacigal_T._-_UVOD_DO_ANALYZY_UDAJOV_POMOCOU_R.pdf |
| Tagy: |
Žiadne tagy, Buďte prvý, kto otaguje tento záznam!
|
MARC
| LEADER | 00000nam a22000003a 4500 | ||
|---|---|---|---|
| 001 | 0095864 | ||
| 003 | SK-STU | ||
| 005 | 20250909133945.3 | ||
| 007 | ta | ||
| 008 | 220620s ----xo-----e------000-0-----d | ||
| 020 | |a 978-80-227-5198-8 | ||
| 035 | |a biblio/528114 |2 CREPC2 | ||
| 040 | |a STU |b slo | ||
| 041 | 0 | |a slo | |
| 044 | |a xo | ||
| 100 | 1 | |a Bacigál, Tomáš, |d 1980- |u 010220 |9 100 |r Z1 |4 aut |U SvF Stavebná fakulta |T SvF Katedra matematiky a deskriptívnej geometrie |X 38288 |U V220 |Y 23 |7 A000038288 | |
| 242 | 0 | 1 | |a Introduction to Data Analysis in R |y eng |
| 245 | 1 | 0 | |a Úvod do analýzy údajov pomocou R |h [elektronický zdroj] / |c aut. Tomáš Bacigál ; rec. Miroslav Hudec, Oľga Nánásiová, Mária Šibíková |
| 250 | |a 1.vyd. | ||
| 260 | |a Bratislava : |b Spektrum STU, |c 2022 | ||
| 300 | |a CD-ROM, 136 s. | ||
| 490 | 0 | |a Edícia vysokoškolských učebníc | |
| 650 | 0 | 7 | |a open-source softvér R |
| 650 | 0 | 7 | |a analýza dát |
| 650 | 0 | 7 | |a e-kniha |
| 700 | 1 | |a Hudec, Miroslav |4 rev | |
| 700 | 1 | |a Nánásiová, Oľga, |d 1955- |u 035000 |r Z1 |4 rev |U FEI Fakulta elektrotechniky a informatiky |T FEI Ústav informatiky a matematiky |X 733 |U E050 |Y 816 |7 A000000733 | |
| 700 | 1 | |a Šibíková, Mária |4 rev | |
| 856 | 4 | 0 | |u https://www.svf.stuba.sk/buxus/docs/dokumenty/skripta/2022/Bacigal_T._-_UVOD_DO_ANALYZY_UDAJOV_POMOCOU_R.pdf |
| 996 | |b 284V037831 |c V* 982/A |l VVT |s A |a 24 |w 0095864_0001 | ||
| 996 | |b 284V037832 |c V* 983/A |l VVS |s A |a 24 |w 0095864_0002 | ||
| 996 | |b 284V037833 |c V* 984/A |l VVS |s A |a 24 |w 0095864_0003 | ||